2020's World Series Winners Starting Lineup - Statistics

General Stats
  • This quiz has been taken 10 times
  • The average score is 24 of 40
Answer Stats
Answer % Correct
Corey Seager
100%
Corey Seager
100%
José Altuve
100%
Kyle Tucker
100%
Alex Bregman
86%
Evan Carter
86%
Jeremy Peña
86%
Jonah Heim
86%
Marcus Semien
86%
Yordan Álvarez
86%
Framber Valdez
71%
Josh Jung
71%
Justin Turner
71%
Mookie Betts
71%
Nathan Eovaldi
71%
Nathaniel Lowe
71%
Ozzie Albies
71%
Chas McCormick
57%
Freddie Freeman
57%
Leody Taveras
57%
Martín Maldonado
57%
Max Fried
57%
Max Muncy
57%
Travis d'Arnaud
57%
Trey Mancini
57%
Will Smith
57%
Austin Riley
43%
Chris Taylor
43%
Cody Bellinger
43%
Jorge Soler
43%
Mitch Garver
43%
Travis Jankowski
43%
Adam Duvall
29%
A. J. Pollock
29%
Austin Barnes
29%
Dansby Swanson
29%
Joc Pederson
29%
Tony Gonsolin
29%
Christian Vázquez
14%
Eddie Rosario
14%
No matching quizzes found
Score Distribution
Percent of People with Each Score
Percentile by Number Answered
Your Score History
You have not taken this quiz